Music Quiz

Random Music or Classical Quiz

Name That Conductor III (slideshow) Quiz Stats

 Plays Quiz not verified by Sporcle

Score 0/25 Timer 15:00
0 Plays Today
% Correct
Igor Stravinsky
87.1%
Daniel Barenboim
87.1%
Wilhelm Furtwängler
78.8%
André Previn
75.8%
Sir John Eliot Gardiner
72%
Karl Böhm
70.5%
Sir Colin Davis
70.5%
Eugene Ormandy
65.2%
Charles Dutoit
65.2%
Erich Kleiber
59.8%
Fritz Reiner
59.8%
Günter Wand
52.3%
Klaus Tennstedt
51.5%
% Correct
Leonard Slatkin
51.5%
Masaaki Suzuki
49.2%
David Zinman
47.7%
Ferenc Fricsay
45.5%
James DePreist
40.9%
Václav Neumann
37.9%
Simone Young
35.6%
Clemens Krauss
35.6%
Edo de Waart
34.1%
Peter Maag
32.6%
Stanislaw Skrowaczewski
32.6%
Raymond Leppard
27.3%

You're not logged in!

Compare scores with friends on all Sporcle quizzes.
Join for Free
OR
Log In

You Might Also Like...

Show Comments

Extras

Top Quizzes Today


Score Distribution

Your Account Isn't Verified!

In order to create a playlist on Sporcle, you need to verify the email address you used during registration. Go to your Sporcle Settings to finish the process.

Report this User

Report this user for behavior that violates our Community Guidelines.

Details: